000 00457nam a2200181Ia 4500
005 20250423100445.0
008 250422s9999 xx 000 0 und d
020 _a0- 02- 388731- 1
050 _aQA 76 .73 .P2 L44/
100 _aSanford Leestma
245 0 _aPascal: programming and problem solving
250 _a4th ed.
260 _bMacmillan
260 _c1993
300 _a969 p
650 _aPascal (computer program language)
942 _cBK
999 _c33365
_d33365